000 00658nam a2200205 i 4500
001 35920
003 ES-MaACL
005 20250820095203.0
007 t|
008 030214s1953 sp ||||1| spa d
100 1 _aBrodrick, James.
_931860
245 1 3 _aEl orígen de los Jesuítas /
_cJames Brodrick ; [traducción de Hilario Gómez].
260 _aMadrid :
_bPegaso,
_c[1953] (
_fTip. López y Meléndez Valdés)
300 _a2 v. ;
_c23 cm.
600 0 4 _aIgnacio de Loyola
_c, Santo.
_965147
610 2 4 _aJesuitas-
_xHistoria
_95353
700 1 _aGómez, Hilario.
_957763
852 _aES-MaACL
_jP-903
_bR.33397
999 _c35920
_d35920